00327 2200133 4500001002100000005001500021035002000036245005700056260003400113082000800147084001200155990001300167990001300180INLIS00000000000257120250605120322 a0010-0625000157 aNilai Cinta Dalan Al-Qur'an /cMahmud Bin Asy Syarif aSolo :bTiga Serangkai,c2004 a200 a200 NIL a04201000 a04201001